000 01134nam a22002297a 4500
005 20110715140842.0
008 110715t xxu||||| |||| 00| 0 mar d
010 _aMAR-21081
020 _c150.00
035 _aMR-13739
037 _bDBAD/PUB
040 _aDPL
_bMR
082 _a618.92
100 _aसफिया सिराज मोमीन
_929610
245 _aबाल आरोग्य व परिचर्या /
_cसफिया सिराज मोमीन
246 _aBal Arogya Va Paricharya
_bby Safia Siraj Momin
260 _aकोल्हापूर
_bसिराजोशफी प्रकाशन
_c2011
270 _aअजब मंझील,प्लॉट नं.161,रत्नाप्पा कुंभारनगर,
_bकोल्हापूर
_e416093
300 _a468पृ
_c21सेमी(अजिल्द)
_bसचित्र
942 _2ddc
_cMR
_h618.92
_mसफिया
999 _c53926
_d53926